Common Knowledge #8 - Statistics

General Stats
  • This quiz has been taken 2,243 times
  • The average score is 15 of 23
Answer Stats
Hint Answer % Correct
What is the name of Barbie’s male companion? Ken
97%
Who are the presidents on Mount Rushmore? George Washington
93%
Who is the author of the Harry Potter series? J.K. Rowling
88%
In which body part can you find the femur? Leg
86%
In which ocean is the Bermuda Triangle located? Atlantic
85%
Who are the presidents on Mount Rushmore? Abraham Lincoln
84%
Harry, Niall, Louis, Liam, and Zayn were in what band? One Direction
82%
Which bird is often associated with delivering babies? Stork
76%
In golf, what is one stroke under par? Birdie
72%
Who turned all that he touched into gold? Midas
70%
Steve Harvey is the host of what TV show? Family Feud
69%
Who are the presidents on Mount Rushmore? Theodore Roosevelt
61%
In what state can you find Mount Rushmore South Dakota
59%
Who are the presidents on Mount Rushmore? Thomas Jefferson
59%
Which actor plays the voice of Woody in Toy Story? Tom Hanks
58%
When was America discovered? 1492
55%
“Keep Calm and Carry On” is a slogan for which nation? Britain
52%
How many keys are on a piano? 88
47%
What is the french name for Santa Clause Père Noël
39%
This place is known as the City of Brotherly Love. Philadelphia
35%
How many feet are in a mile? 5,280
34%
What is the longest-running Broadway show? The Phantom of the Opera
30%
Athos, Porthos, and Aramis are also known as the... Three Musketeers
25%
No matching quizzes found
Score Distribution
Percent of People with Each Score
Percentile by Number Answered
Your Score History
You have not taken this quiz